00938nam a2200205 a 450000100100000000500170001000800410002702000180006804000250008608200130011110000400012424500610016426000390022530000350026450000710029995201170037095201110048795201170059899900170071500004223920201002040025.0131120s2013 dr ac 000 0 spa d a9789945583298 aDO-SdBNPbspacBNPHU axxxbxxx1 aÓleo Ramírez, Lugenny de96925810aDos padres sin corazón /cLugenny de Óleo Ramírez. aSanto Domingo :bSantuario,c2013. a54 p. :bil., retrs. ;c23 cm. aIncluye datos biográficos del autor en la solapa de la cubierta. 0010718DSaGRbGRcCTd2013-11-20iLF1l0oxxx xxxp42239-30r2020-06-25te. 3w2020-06-25yLFDSZNo se presta 0010718PDaPDbPDcCTd2013-11-20iLF1l0oxxx xxxp42239-10r2020-06-25w2020-06-25yLFPDZNo se presta 0010718PDaPDbPDcCTd2013-11-20iLF1l0oxxx xxxp42239-20r2020-06-25te. 2w2020-06-25yLFPDZNo se presta c41728d41728